书目信息 |
| 题名: |
萨克斯初级教程
|
|
| 作者: | 谢进歧 编著 | |
| 分册: | ||
| 出版信息: | 北京 同心出版社 2001 |
|
| 页数: | 269页 | |
| 开本: | 30cm | |
| 丛书名: | 西洋乐器教程系列丛书 | |
| 单 册: | ||
| 中图分类: | J621.2 | |
| 科图分类: | ||
| 主题词: | 萨克斯--奏法--教材 , 器乐--奏法 , 器乐--演奏 | |
| 电子资源: | ||
| ISBN: | 7-80593-519-X | |
| 000 | 00689nam0 2200241 45 | |
| 001 | 0304070973 | |
| 005 | 20031219104108.8 | |
| 010 | @a7-80593-519-X@dCNY28.00 | |
| 100 | @a20030407d2001 km y0chiy0120 ea | |
| 101 | 0 | @achi |
| 105 | @aag z 000yy | |
| 200 | 1 | @a萨克斯初级教程@ASa Ke Si Chu Ji Jiao Cheng@f谢进歧编著@FXie Jin Qi Bian Zhu |
| 210 | @a北京@c同心出版社@d2001 | |
| 215 | @a269页@c插图@d30cm | |
| 225 | @a西洋乐器教程系列丛书 | |
| 410 | @12001 @a西洋乐器教程系列丛书 | |
| 606 | 0 | @a萨克斯@x奏法@x教材 |
| 606 | 0 | @a器乐@x奏法 |
| 606 | 0 | @a器乐@x演奏 |
| 690 | @aJ621.2@v4 | |
| 701 | 0 | @a谢进歧@4编著 |
| 801 | @aCN@bTSTC@c20030407 | |
| 905 | @b322088-092@dJ621.2@e114@f5 | |
| 萨克斯初级教程/谢进歧编著.-北京:同心出版社,2001 |
| 269页:插图;30cm.-(西洋乐器教程系列丛书) |
| ISBN 7-80593-519-X:CNY28.00 |
| ● |
| 相关链接 |
|
|
|
|
正题名:萨克斯初级教程
索取号:J621.2/114
 
预约/预借
| 序号 | 登录号 | 条形码 | 馆藏地/架位号 | 状态 | 备注 |
| 1 | 0322088 | 203220889 | 第一借阅区/ [索取号:J621.2/114] | 在馆 | |
| 2 | 0322089 | 203220898 | 第一借阅区/ [索取号:J621.2/114] | 在馆 | |
| 3 | 0322090 | 203220905 | 第一借阅区/ [索取号:J621.2/114] | 在馆 | |
| 4 | 0322091 | 203220914 | 第一借阅区/ [索取号:J621.2/114] | 在馆 | |
| 5 | 0322092 | 203220923 | 第一样本阅览室/ [索取号:J621.2/114] | 在馆 |